[Event "ESP-chT Rapid"]
[Site "Toledo"]
[Date "2022.09.24"]
[Round "5"]
[White "Ramirez Diaz, Jose Ramon"]
[Black "Sahuquillo Cruz, Alejandro"]
[Result "1/2-1/2"]
[WhiteElo "2187"]
[BlackElo "2008"]
[PlyCount "122"]
[EventDate "2022.09.24"]
[EventType "team-swiss (rapid)"]
[EventRounds "9"]
[EventCountry "ESP"]
[SourceTitle "CBM 210 Extra"]
[Source "ChessBase"]
[SourceDate "2022.11.30"]
[SourceVersion "1"]
[SourceVersionDate "2022.11.30"]
[SourceQuality "1"]
[WhiteTeam "Tomelloso"]
[BlackTeam "Tajamar"]
[WhiteTeamCountry "ESP"]
[BlackTeamCountry "ESP"]

1. e4 c5 2. Nf3 Nc6 3. d4 cxd4 4. Nxd4 e5 5. Nb5 d6 6. a4 Be7 7. N1c3 a6 8. Na3 Be6 9. Bc4 Qd7 10. Nd5 Bxd5 11. Bxd5 Nf6 12. Nc4 Qc7 13. Ne3 0-0 14. 0-0 Rac8 15. c3 Nxd5 16. Nxd5 Qd8 17. Qd3 Na5 18. Be3 Nc4 19. b3 Nxe3 20. Nxe3 Bg5 21. Nd5 Kh8 22. Rad1 Qa5 23. c4 Rfd8 24. g3 Qc5 25. Kg2 Rb8 26. f4 exf4 27. gxf4 Bh6 28. b4 Qc6 29. a5 Re8 30. Kf3 Rbc8 31. Rc1 Qa4 32. Nb6 Qxb4 33. Nxc8 Rxc8 34. Rb1 Qxa5 35. Rxb7 Qh5+ 36. Kg2 Qg4+ 37. Kh1 Bxf4 38. Qf3 Qxf3+ 39. Rxf3 g5 40. Rxf7 Rxc4 41. Re7 Rc2 42. Rb3 Rc8 43. Rbb7 h5 44. Rh7+ Kg8 45. Rxh5 a5 46. Ra7 Bd2 47. Kg2 Bf4 48. Kf3 a4 49. Rxa4 Kg7 50. Kg4 Kf6 51. h4 Rg8 52. Rh6+ Ke5 53. h5 Rb8 54. Rh7 Rb1 55. h6 Rg1+ 56. Kh5 Kf6 57. e5+ Bxe5 58. Ra2 Rh1+ 59. Kg4 Rh4+ 60. Kf3 Kg6 61. Rb7 Rxh6 1/2-1/2

[Event "Madrid-chT Honor 2122"]
[Site "Madrid"]
[Date "2022.03.20"]
[Round "14.4"]
[White "Sahuquillo Cruz, Alejandro"]
[Black "Hernandez Ramos, David"]
[Result "0-1"]
[WhiteElo "2014"]
[BlackElo "2105"]
[PlyCount "104"]
[EventDate "2021.11.27"]
[EventType "team-tourn"]
[EventRounds "14"]
[EventCountry "ESP"]
[SourceTitle "EXT 2024"]
[Source "ChessBase"]
[SourceDate "2023.10.10"]
[SourceVersion "1"]
[SourceVersionDate "2023.10.10"]
[SourceQuality "1"]
[WhiteTeam "Tajamar"]
[BlackTeam "San Sebastian de los Reyes"]
[WhiteTeamCountry "ESP"]
[BlackTeamCountry "ESP"]

1. e4 e6 2. d4 d5 3. Nd2 dxe4 4. Nxe4 Nd7 5. Bd3 Ngf6 6. Bg5 Be7 7. Bxf6 Nxf6 8. Nf3 0-0 9. Nxf6+ Bxf6 10. Be4 c5 11. dxc5 Qa5+ 12. c3 Qxc5 13. Qc2 g6 14. h4 h5 15. 0-0-0 Bg7 16. Ng5 Bh6 17. f4 Qe3+ 18. Kb1 f5 19. Bf3 Qxf4 20. Rd4 Qc7 21. Rhd1 Rb8 22. Qe2 Bxg5 23. hxg5 b5 24. Rh1 f4 25. Rhd1 Rb6 26. Qc2 e5 27. Rd5 Kg7 28. Be4 Rf7 29. Qd3 Be6 30. Rd8 b4 31. c4 Bxc4 32. Qd2 Bxa2+ 33. Kxa2 Qc4+ 34. b3 Qxe4 35. Rd7 Rb7 36. Rxb7 Rxb7 37. Qd8 Qc2+ 38. Ka1 Rf7 39. Qd6 Qc3+ 40. Ka2 Qc2+ 41. Ka1 Qc3+ 42. Ka2 Qc7 43. Qd5 Qe7 44. Re1 Qxg5 45. Rxe5 Qg4 46. Rg5 Qe2+ 47. Kb1 Qe1+ 48. Ka2 Qc3 49. Re5 Qc2+ 50. Ka1 Qc1+ 51. Ka2 Rc7 52. Re2 Qa3+ 0-1

[Event "Madrid-chT Honor 2122"]
[Site "Madrid"]
[Date "2022.02.12"]
[Round "9.5"]
[White "Martinez Conde Hernandez, Carlos"]
[Black "Sahuquillo Cruz, Alejandro"]
[Result "1-0"]
[WhiteElo "2182"]
[BlackElo "2018"]
[PlyCount "91"]
[EventDate "2021.11.27"]
[EventType "team-tourn"]
[EventRounds "14"]
[EventCountry "ESP"]
[SourceTitle "EXT 2024"]
[Source "ChessBase"]
[SourceDate "2023.10.10"]
[SourceVersion "1"]
[SourceVersionDate "2023.10.10"]
[SourceQuality "1"]
[WhiteTeam "Virgen de Atocha"]
[BlackTeam "Tajamar"]
[WhiteTeamCountry "ESP"]
[BlackTeamCountry "ESP"]

1. e4 c5 2. Nf3 Nc6 3. d4 cxd4 4. Nxd4 e5 5. Nb5 d6 6. c4 Be7 7. N1c3 a6 8. Na3 f5 9. exf5 Bxf5 10. Bd3 Be6 11. 0-0 Nf6 12. Nc2 0-0 13. Ne3 Nd4 14. b3 Rb8 15. Ned5 b5 16. Be3 Nf5 17. Qe2 b4 18. Nxf6+ Rxf6 19. Ne4 Rg6 20. Ng3 Nxg3 21. fxg3 Rf6 22. Rxf6 Bxf6 23. Rd1 Bg5 24. Bf2 Qe7 25. c5 dxc5 26. Qxe5 Rd8 27. Bxc5 Qf6 28. Qe4 g6 29. Rf1 Bf5 30. Bc4+ Kg7 31. Qb7+ Rd7 32. Qxb4 Rd2 33. h4 Qc6 34. Qc3+ Qf6 35. Qxf6+ Bxf6 36. Rf2 Rd1+ 37. Kh2 a5 38. Be2 Rd5 39. Be3 h5 40. Bf3 Rb5 41. Bf4 Rb4 42. Bd6 Rd4 43. Bc5 Rd8 44. Bb6 Rd3 45. Bxa5 Bd4 46. Rd2 1-0

[Event "Madrid-chT Honor 2122"]
[Site "Madrid"]
[Date "2022.01.23"]
[Round "6.5"]
[White "Alonso Garcia, Aaron"]
[Black "Sahuquillo Cruz, Alejandro"]
[Result "1-0"]
[WhiteElo "2345"]
[BlackElo "2021"]
[PlyCount "115"]
[EventDate "2021.11.27"]
[EventType "team-tourn"]
[EventRounds "14"]
[EventCountry "ESP"]
[SourceTitle "EXT 2024"]
[Source "ChessBase"]
[SourceDate "2023.10.10"]
[SourceVersion "1"]
[SourceVersionDate "2023.10.10"]
[SourceQuality "1"]
[WhiteTeam "Collado Villalba"]
[BlackTeam "Tajamar"]
[WhiteTeamCountry "ESP"]
[BlackTeamCountry "ESP"]

1. e4 c5 2. Nf3 Nc6 3. d4 cxd4 4. Nxd4 e5 5. Nb5 d6 6. N1c3 a6 7. Na3 Be7 8. Nc4 Nf6 9. Bg5 Nd4 10. Bd3 0-0 11. Bxf6 Bxf6 12. Nd5 b5 13. Ncb6 Rb8 14. Nxc8 Qxc8 15. c3 Ne6 16. h4 Bd8 17. g3 a5 18. 0-0 b4 19. cxb4 axb4 20. Rc1 Qd7 21. Rc4 Ba5 22. Qg4 Kh8 23. h5 Nc5 24. Qxd7 Nxd7 25. Rfc1 Nb6 26. Rc6 Nxd5 27. exd5 Rfd8 28. Ra6 Bb6 29. Rc6 Bc5 30. g4 Rb7 31. Kg2 g6 32. h6 f6 33. Bc4 f5 34. g5 e4 35. Rxc5 dxc5 36. Kg3 Re7 37. Re6 Rxe6 38. dxe6 Re8 39. Kf4 Kg8 40. Ke5 Kf8 41. Kf6 f4 42. a4 bxa3 43. bxa3 e3 44. fxe3 fxe3 45. a4 Re7 46. a5 Ra7 47. a6 Rc7 48. Bb5 Ra7 49. Be2 Ke8 50. Bc4 Kf8 51. Bb5 c4 52. Bxc4 Rc7 53. Be2 Rc5 54. e7+ Ke8 55. a7 Rc6+ 56. Ke5 Rc8 57. Kd6 Kf7 58. Kd7 1-0

[Event "Madrid-chT Honor 2122"]
[Site "Madrid"]
[Date "2022.01.16"]
[Round "5.5"]
[White "Balbuena Fuentes, Mario"]
[Black "Sahuquillo Cruz, Alejandro"]
[Result "1-0"]
[WhiteElo "2221"]
[BlackElo "2021"]
[PlyCount "92"]
[EventDate "2021.11.27"]
[EventType "team-tourn"]
[EventRounds "14"]
[EventCountry "ESP"]
[SourceTitle "EXT 2024"]
[Source "ChessBase"]
[SourceDate "2023.10.10"]
[SourceVersion "1"]
[SourceVersionDate "2023.10.10"]
[SourceQuality "1"]
[WhiteTeam "Blanco y Negro"]
[BlackTeam "Tajamar"]
[WhiteTeamCountry "ESP"]
[BlackTeamCountry "ESP"]

1. e4 c5 2. Nf3 e6 3. d4 cxd4 4. Nxd4 Nc6 5. Nc3 Qc7 6. g3 a6 7. Bg2 h5 8. 0-0 h4 9. Re1 hxg3 10. hxg3 d6 11. Nxc6 bxc6 12. e5 d5 13. Na4 Ne7 14. c4 Nf5 15. Bg5 Rb8 16. Rc1 Qb7 17. a3 Bd7 18. b4 a5 19. bxa5 Bxa3 20. Rb1 Qc7 21. Rxb8+ Qxb8 22. Qd3 Be7 23. Bxe7 Nxe7 24. Qa3 Bc8 25. cxd5 cxd5 26. Bf1 f6 27. Qd6 Qa7 28. exf6 gxf6 29. Nb6 Bd7 30. Nxd7 Qxd7 31. Rxe6 Qxd6 32. Rxd6 Kf7 33. a6 Ra8 34. Kg2 Ra7 35. g4 Rc7 36. Rb6 Nc6 37. Rb7 Rxb7 38. axb7 Ke6 39. Bb5 Nb8 40. f4 Kd6 41. g5 fxg5 42. fxg5 Kc5 43. g6 Kxb5 44. g7 Kb6 45. g8Q Kxb7 46. Qf8 d4 1-0

[Event "Madrid-chT 2021"]
[Site "Madrid"]
[Date "2021.05.15"]
[Round "11.5"]
[White "Suarez Uriel, Adrian"]
[Black "Sahuquillo Cruz, Alejandro"]
[Result "1-0"]
[WhiteElo "2376"]
[BlackElo "1988"]
[PlyCount "55"]
[EventDate "2021.01.23"]
[EventType "team-tourn"]
[EventRounds "14"]
[EventCountry "ESP"]
[SourceTitle "EXT 2022"]
[Source "ChessBase"]
[SourceDate "2021.10.06"]
[SourceVersion "1"]
[SourceVersionDate "2021.10.06"]
[SourceQuality "1"]
[WhiteTeam "Collado Villalba"]
[BlackTeam "Tajamar"]
[WhiteTeamCountry "ESP"]
[BlackTeamCountry "ESP"]

1. e4 c5 2. Ne2 Nc6 3. d4 cxd4 4. Nxd4 e5 5. Nb5 d6 6. c4 Be7 7. Bd3 Be6 8. 0-0 Rc8 9. Be3 a6 10. N5c3 Bg5 11. Nd5 Bxe3 12. fxe3 Bxd5 13. exd5 Nce7 14. Qa4+ Kf8 15. Qb4 Qc7 16. Nd2 Nf6 17. Rac1 Qc5 18. Qxc5 dxc5 19. a3 Ne8 20. Ne4 f5 21. d6 Nxd6 22. Nxd6 Rd8 23. Nxf5 Rxd3 24. Nd6+ Kg8 25. Nxb7 h6 26. Nxc5 Rxe3 27. Kf2 Nf5 28. g4 1-0

[Event "Madrid-chT 2021"]
[Site "Madrid"]
[Date "2021.03.28"]
[Round "6.6"]
[White "Ballesteros Galvez, Daniel"]
[Black "Sahuquillo Cruz, Alejandro"]
[Result "0-1"]
[WhiteElo "1932"]
[BlackElo "1988"]
[PlyCount "88"]
[EventDate "2021.01.23"]
[EventType "team-tourn"]
[EventRounds "14"]
[EventCountry "ESP"]
[SourceTitle "EXT 2022"]
[Source "ChessBase"]
[SourceDate "2021.10.06"]
[SourceVersion "1"]
[SourceVersionDate "2021.10.06"]
[SourceQuality "1"]
[WhiteTeam "Vallecas CDV"]
[BlackTeam "Tajamar"]
[WhiteTeamCountry "ESP"]
[BlackTeamCountry "ESP"]

1. e4 c5 2. Nf3 Nc6 3. Bb5 g6 4. Bxc6 dxc6 5. d3 Bg7 6. h3 Nf6 7. Nc3 0-0 8. Be3 b6 9. Qd2 Re8 10. 0-0 Nd7 11. Rae1 e5 12. Nh2 Nf8 13. f4 exf4 14. Bxf4 Ne6 15. Bh6 Nd4 16. Bxg7 Kxg7 17. e5 Nf5 18. Nf3 Be6 19. Ne4 Bd5 20. Nf6 Re7 21. Qg5 h6 22. Qf4 Bxf3 23. Rxf3 Qd4+ 24. Qxd4 cxd4 25. Re4 Rd8 26. Rf2 Ne3 27. c3 c5 28. cxd4 cxd4 29. Rff4 Nd1 30. Re2 Ne3 31. Ng4 Nf5 32. Nf2 Rd5 33. Ree4 Ng3 34. Re1 Rdxe5 35. Rxe5 Rxe5 36. Kh2 Ne2 37. Re4 Rxe4 38. Nxe4 Nc1 39. Nf2 Nxa2 40. Kg3 f5 41. Kf3 Nc1 42. g4 Kf6 43. h4 h5 44. g5+ Ke5 0-1

[Event "Madrid-chT 2021"]
[Site "Madrid"]
[Date "2021.03.21"]
[Round "5.6"]
[White "Sahuquillo Cruz, Alejandro"]
[Black "Rodrigo Yanguas, Maria"]
[Result "1-0"]
[WhiteElo "1988"]
[BlackElo "2060"]
[PlyCount "115"]
[EventDate "2021.01.23"]
[EventType "team-tourn"]
[EventRounds "14"]
[EventCountry "ESP"]
[SourceTitle "EXT 2022"]
[Source "ChessBase"]
[SourceDate "2021.10.06"]
[SourceVersion "1"]
[SourceVersionDate "2021.10.06"]
[SourceQuality "1"]
[WhiteTeam "Tajamar"]
[BlackTeam "Virgen de Atocha"]
[WhiteTeamCountry "ESP"]
[BlackTeamCountry "ESP"]

1. e4 e6 2. d4 d5 3. Nd2 Be7 4. Bd3 c5 5. dxc5 Nf6 6. exd5 Qxd5 7. Ngf3 Bxc5 8. Nb3 Bb6 9. Qe2 0-0 10. Bg5 Nbd7 11. Rd1 Qc6 12. 0-0 Qc7 13. Bh4 a6 14. c3 Ba7 15. Bg3 Qd8 16. Ne5 Qb6 17. Nc4 Qd8 18. Qf3 Nd5 19. Nd6 f5 20. Qe2 Qf6 21. Bxf5 exf5 22. Rxd5 Nb6 23. Be5 Qg6 24. Rd3 f4 25. Nxc8 Raxc8 26. Bd4 Bb8 27. Bxb6 Qxb6 28. Rfd1 Rce8 29. Qf3 Kh8 30. Rd7 Qe6 31. h3 b6 32. Qg4 Qe5 33. R7d5 Qe4 34. R5d4 Qe5 35. Qf3 Qe6 36. Rd5 a5 37. Nd4 Qg6 38. Qg4 Qf7 39. Nf3 a4 40. Rd7 Qf6 41. a3 Re2 42. Ng5 f3 43. Qxf3 Qxf3 44. Nxf3 Bf4 45. Rd8 Kg8 46. Rxf8+ Kxf8 47. g3 Bh6 48. Rb1 Kf7 49. Kf1 Re6 50. Rd1 Kf6 51. Rd4 Bc1 52. Rb4 g5 53. Ne1 Rd6 54. Nf3 Re6 55. Nd4 Rd6 56. Ke2 g4 57. hxg4 h6 58. Kd1 1-0

[Event "Madrid-chT 1920 Honor"]
[Site "Madrid"]
[Date "2020.03.08"]
[Round "12.6"]
[White "Sahuquillo Cruz, Alejandro"]
[Black "Lianes Garcia, Marcos"]
[Result "1/2-1/2"]
[WhiteElo "1988"]
[BlackElo "2357"]
[PlyCount "100"]
[EventDate "2019.11.24"]
[EventType "team-tourn"]
[EventRounds "12"]
[EventCountry "ESP"]
[SourceTitle "EXT 2021"]
[Source "ChessBase"]
[SourceDate "2020.10.23"]
[SourceVersion "1"]
[SourceVersionDate "2020.10.23"]
[SourceQuality "1"]
[WhiteTeam "Tajamar"]
[BlackTeam "Collado Villalba"]
[WhiteTeamCountry "ESP"]
[BlackTeamCountry "ESP"]

1. e4 c5 2. Nf3 a6 3. Nc3 e6 4. d4 cxd4 5. Nxd4 Bb4 6. Qd3 Nf6 7. Bd2 d5 8. exd5 Nxd5 9. Nxd5 Bxd2+ 10. Qxd2 Qxd5 11. Be2 0-0 12. Bf3 Qe5+ 13. Qe3 Qxe3+ 14. fxe3 Nd7 15. 0-0-0 Ne5 16. Nb3 Ra7 17. Na5 g5 18. Rd4 b5 19. Rhd1 Rc7 20. Rd6 Kg7 21. R1d4 Kf6 22. b3 Rg8 23. Be4 h5 24. Nc6 Nxc6 25. Rxc6 Rxc6 26. Bxc6 Ke7 27. Kb2 Rg6 28. Be4 f5 29. Bd3 Bb7 30. g3 Rh6 31. h4 gxh4 32. Rxh4 Bf3 33. a4 Rg6 34. axb5 axb5 35. Bxb5 Rxg3 36. Bd3 Kf6 37. b4 Kg5 38. Rc4 h4 39. Rc8 h3 40. Rg8+ Kh4 41. Rh8+ Bh5 42. Be2 Rg4 43. Kc3 h2 44. Bf3 Kg3 45. Rxh5 Kxf3 46. Rxh2 Kxe3 47. b5 f4 48. b6 f3 49. Rh5 Ke4 50. Rb5 Rg8 1/2-1/2

[Event "Madrid-chT 1920 Honor"]
[Site "Madrid"]
[Date "2019.11.30"]
[Round "2.5"]
[White "Martinez Rubi, Alberto"]
[Black "Sahuquillo Cruz, Alejandro"]
[Result "1/2-1/2"]
[WhiteElo "2108"]
[BlackElo "1969"]
[PlyCount "136"]
[EventDate "2019.11.24"]
[EventType "team-tourn"]
[EventRounds "12"]
[EventCountry "ESP"]
[SourceTitle "EXT 2021"]
[Source "ChessBase"]
[SourceDate "2020.10.23"]
[SourceVersion "1"]
[SourceVersionDate "2020.10.23"]
[SourceQuality "1"]
[WhiteTeam "Blanco y Negro"]
[BlackTeam "Tajamar"]
[WhiteTeamCountry "ESP"]
[BlackTeamCountry "ESP"]

1. e4 c5 2. Nf3 Nc6 3. d4 cxd4 4. Nxd4 e5 5. Nb5 d6 6. c4 Be7 7. N1c3 a6 8. Na3 f5 9. exf5 Bxf5 10. Bd3 Be6 11. Qh5+ Bf7 12. Qh3 Nf6 13. 0-0 0-0 14. Bg5 g6 15. Rad1 Nd4 16. Bxf6 Bxf6 17. Be4 Qb6 18. b3 Qb4 19. Nab1 Kg7 20. Bd5 Be8 21. Kh1 Rd8 22. Qd3 Bg5 23. Ne4 Bh6 24. Nbc3 Bd7 25. Ne2 Nxe2 26. Qxe2 Bf5 27. Ng3 b6 28. Qb2 Bf4 29. Bb7 a5 30. Rd5 a4 31. Rb5 a3 32. Nxf5+ Rxf5 33. Qc2 Qd2 34. Qxd2 Bxd2 35. Rxb6 Be3 36. Ra6 Bc5 37. f3 Rf7 38. Be4 Rb8 39. Rb1 Rc7 40. g3 g5 41. Kg2 h6 42. Kf1 Kf6 43. Ke2 Ke7 44. Kd3 Kf6 45. Bd5 Re7 46. Ke4 Rc7 47. Rh1 Rg7 48. Rf1 Rc7 49. Ra4 Ra7 50. Rxa7 Bxa7 51. Rd1 Bc5 52. Rd2 Bb4 53. Re2 Bc5 54. Bc6 Rc8 55. Kd5 Rb8 56. Bd7 Ke7 57. Bg4 Kf6 58. Kc6 Rh8 59. Bh5 Rf8 60. Kd5 Rb8 61. Rg2 Rg8 62. Re2 Rb8 63. Re1 Rd8 64. Ke4 Rd7 65. Rb1 Rb7 66. Rf1 Re7 67. Kd5 Rb7 68. h3 Rb8 1/2-1/2

[Event "Madrid Tajamar Easter op-A"]
[Site "Madrid"]
[Date "2018.03.24"]
[Round "3"]
[White "Sahuquillo Cruz, Alejandro"]
[Black "Lopez Garralon, Miguel"]
[Result "1-0"]
[WhiteElo "2098"]
[BlackElo "2028"]
[PlyCount "69"]
[EventDate "2018.03.22"]
[EventType "swiss"]
[EventRounds "7"]
[EventCountry "ESP"]
[SourceTitle "EXT 2019"]
[Source "ChessBase"]
[SourceDate "2018.10.10"]
[SourceVersion "1"]
[SourceVersionDate "2018.10.10"]
[SourceQuality "1"]

1. e4 d6 2. d4 Nf6 3. Nc3 Nbd7 4. Nf3 e5 5. Bc4 Be7 6. 0-0 c6 7. a4 b6 8. Re1 a6 9. d5 c5 10. Nd2 g5 11. Be2 Nf8 12. Nc4 h6 13. Rb1 Bd7 14. b4 b5 15. axb5 axb5 16. Na3 cxb4 17. Rxb4 Qa5 18. Rb3 b4 19. Nc4 Qa1 20. Rxb4 Qxc3 21. Bd2 Qd4 22. Nxd6+ Bxd6 23. Rxd4 exd4 24. e5 Bxe5 25. Bd3 Nxd5 26. Rxe5+ Be6 27. Be4 Rd8 28. Ba5 Nc3 29. Qd3 Rb8 30. h3 Rb1+ 31. Kh2 Nxe4 32. Qxd4 f6 33. Rxe4 Kf7 34. c4 Nd7 35. Rxe6 1-0

[Event "Madrid Tajamar Easter op-A"]
[Site "Madrid"]
[Date "2018.03.24"]
[Round "4"]
[White "Villar Reymundo, Juan Antonio"]
[Black "Sahuquillo Cruz, Alejandro"]
[Result "1/2-1/2"]
[WhiteElo "2206"]
[BlackElo "2098"]
[PlyCount "125"]
[EventDate "2018.03.22"]
[EventType "swiss"]
[EventRounds "7"]
[EventCountry "ESP"]
[SourceTitle "EXT 2019"]
[Source "ChessBase"]
[SourceDate "2018.10.10"]
[SourceVersion "1"]
[SourceVersionDate "2018.10.10"]
[SourceQuality "1"]

1. d4 Nf6 2. Nf3 g6 3. g3 Bg7 4. Bg2 d6 5. c4 0-0 6. Nc3 Nc6 7. 0-0 a6 8. d5 Na5 9. Nd2 c5 10. Qc2 Rb8 11. Rb1 Bd7 12. h3 b5 13. b3 Qc7 14. Bb2 bxc4 15. bxc4 Rb7 16. Kh2 Rfb8 17. e4 Rb4 18. Ba3 Rxb1 19. Rxb1 Be8 20. Rxb8 Qxb8 21. f4 Nd7 22. Bf1 Nb6 23. Qc1 Na4 24. Nxa4 Bxa4 25. Bd3 Bd7 26. Qb1 Qxb1 27. Nxb1 Nb7 28. g4 h6 29. Bc1 Bd4 30. Kg3 Kg7 31. Nd2 f6 32. Nf3 Ba1 33. h4 Ba4 34. g5 hxg5 35. hxg5 Nd8 36. Bd2 Nf7 37. gxf6+ exf6 38. Nh4 Bd7 39. Nxg6 Kxg6 40. e5+ f5 41. e6 Be8 42. exf7 Bxf7 43. Ba5 Bf6 44. Bc2 Be8 45. Bd1 Bd7 46. Kh3 Kh6 47. Be1 Kg6 48. Kg2 Kh6 49. Kf3 Kg7 50. Ke3 Be8 51. Kd3 Kf8 52. Ke3 Bd4+ 53. Kd3 Bf6 54. Ke3 Bd4+ 55. Kd2 Bf6 56. Bc2 Bd7 57. Kd3 Ke7 58. Ba5 Bg7 59. Ke3 Bf6 60. Kf3 Kf7 61. Ke3 Bh4 62. Bd1 Kg6 63. Bc7 1/2-1/2

[Event "Madrid Tajamar Easter op-A"]
[Site "Madrid"]
[Date "2018.03.23"]
[Round "2"]
[White "Sahuquillo Cruz, Alejandro"]
[Black "Campos Calvo, Sotelo Juan"]
[Result "1/2-1/2"]
[WhiteElo "2098"]
[BlackElo "2039"]
[PlyCount "79"]
[EventDate "2018.03.22"]
[EventType "swiss"]
[EventRounds "7"]
[EventCountry "ESP"]
[SourceTitle "EXT 2019"]
[Source "ChessBase"]
[SourceDate "2018.10.10"]
[SourceVersion "1"]
[SourceVersionDate "2018.10.10"]
[SourceQuality "1"]

1. e4 c5 2. Nf3 d6 3. d4 cxd4 4. Nxd4 a6 5. Nc3 e5 6. Nb3 Nf6 7. Be2 Be6 8. Be3 Nbd7 9. Qd3 Nc5 10. Bxc5 dxc5 11. Qg3 Qc7 12. a4 b6 13. Rd1 Be7 14. Nd5 Bxd5 15. exd5 0-0 16. c4 Ne4 17. Qe3 f5 18. d6 Bxd6 19. Bf3 Rad8 20. Bxe4 fxe4 21. Qxe4 Kh8 22. 0-0 Rf4 23. Qe2 Qc6 24. g3 Rff8 25. a5 bxa5 26. Nxa5 Qb6 27. Ra1 Rb8 28. b3 Bc7 29. Qe4 Qf6 30. Nb7 Qb6 31. Na5 Qf6 32. Qe3 h6 33. Qxc5 Bb6 34. Qd5 Bxf2+ 35. Kg2 Rbd8 36. Qc6 Rd6 37. Qe4 Rd4 38. Qc6 Rd6 39. Qe4 Rd4 40. Qc6 1/2-1/2

[Event "Madrid San Viator op 23rd"]
[Site "Madrid"]
[Date "2014.11.16"]
[Round "8"]
[White "Gil Sierra, Jacinto"]
[Black "Sahuquillo Cruz, Alejandro"]
[Result "1-0"]
[WhiteElo "1986"]
[BlackElo "1766"]
[PlyCount "75"]
[EventDate "2014.09.28"]
[EventType "swiss"]
[EventRounds "9"]
[EventCountry "ESP"]
[SourceTitle "EXT 2016"]
[Source "ChessBase"]
[SourceDate "2015.10.08"]
[SourceVersion "1"]
[SourceVersionDate "2015.10.08"]
[SourceQuality "1"]

1. e4 c5 2. Nf3 Nc6 3. d4 cxd4 4. Nxd4 e5 5. Nb5 d6 6. N1c3 a6 7. Na3 Be7 8. Nc4 b5 9. Ne3 Nf6 10. a4 b4 11. Ncd5 Be6 12. Nxf6+ Bxf6 13. Bc4 Bxc4 14. Nxc4 Be7 15. Be3 Rb8 16. 0-0 Na5 17. Qd5 Nxc4 18. Qxc4 Qc8 19. Qd5 Qb7 20. Rfd1 0-0 21. Qd3 Rfc8 22. Bd2 Rd8 23. c4 a5 24. b3 Rbc8 25. Be3 Rd7 26. Qd5 Qa6 27. Qb5 Qb7 28. Rd5 Ra8 29. Rad1 Rc7 30. Bb6 Rcc8 31. Bxa5 Qxb5 32. Rxb5 Rcb8 33. Bxb4 Rxb5 34. cxb5 Rc8 35. b6 Rb8 36. a5 Bd8 37. Bxd6 Rb7 38. Bc5 1-0

[Event "Madrid San Viator op 19th"]
[Site "Madrid"]
[Date "2012.10.28"]
[Round "6"]
[White "Sahuquillo Cruz, Alejandro"]
[Black "Fernandez Aragones, Pedro A"]
[Result "1-0"]
[WhiteElo "1730"]
[BlackElo "1848"]
[PlyCount "49"]
[EventDate "2012.09.23"]
[EventType "swiss"]
[EventRounds "9"]
[EventCountry "ESP"]
[SourceTitle "EXT 2013"]
[Source "ChessBase"]
[SourceDate "2012.11.22"]
[SourceVersion "1"]
[SourceVersionDate "2012.11.22"]
[SourceQuality "1"]

1. e4 c5 2. Nf3 e6 3. d4 cxd4 4. Nxd4 Nf6 5. Bd3 Nc6 6. Be3 d5 7. exd5 exd5 8. h3 Bd6 9. 0-0 0-0 10. Nc3 a6 11. Nce2 Qc7 12. c3 Ne5 13. Bc2 Nc4 14. Bc1 Re8 15. b3 Nb6 16. Bg5 Ne4 17. Bxe4 dxe4 18. c4 Be5 19. Qc2 Bd7 20. Rad1 Rac8 21. Nc3 Bc6 22. Kh1 Bxd4 23. Rxd4 Qe5 24. Qe2 Rcd8 25. Rxd8 1-0

[Event "Madrid San Viator op 19th"]
[Site "Madrid"]
[Date "2012.09.30"]
[Round "2"]
[White "Rodriguez Sanchez, Roberto"]
[Black "Sahuquillo Cruz, Alejandro"]
[Result "1-0"]
[WhiteElo "1953"]
[BlackElo "1730"]
[PlyCount "63"]
[EventDate "2012.09.23"]
[EventType "swiss"]
[EventRounds "9"]
[EventCountry "ESP"]
[SourceTitle "EXT 2013"]
[Source "ChessBase"]
[SourceDate "2012.11.22"]
[SourceVersion "1"]
[SourceVersionDate "2012.11.22"]
[SourceQuality "1"]

1. d4 e6 2. Nf3 d5 3. g3 Be7 4. Bg2 Nf6 5. 0-0 c5 6. dxc5 Bxc5 7. c4 0-0 8. cxd5 Nxd5 9. e4 Ne7 10. Qc2 b6 11. Rd1 Nd7 12. a3 a5 13. Nc3 Ba6 14. Ne5 Ra7 15. b4 axb4 16. axb4 Bxb4 17. Rxa6 Rxa6 18. Nxd7 Re8 19. Nf6+ gxf6 20. Rxd8 Rxd8 21. Qb3 Ba5 22. h4 Raa8 23. Bh3 Rd3 24. Qa4 Rxc3 25. e5 Rac8 26. Qg4+ Ng6 27. h5 R8c4 28. f4 f5 29. Qg5 Bb4 30. hxg6 hxg6 31. Qd8+ Kh7 32. Qf6 1-0